Nghiên cứu chiết tách và xác định thành phần hóa học của lá cây cỏ lào Bình Định

Tổng quan; Các nghiên cứu thực nghiệm; Kết quả và thảo luận...

Αποθηκεύτηκε σε:
Λεπτομέρειες βιβλιογραφικής εγγραφής
Κύριος συγγραφέας: Nguyễn Thị Thùy Trang
Άλλοι συγγραφείς: Đào Hùng Cường GS.TS (Hướng dẫn)
Μορφή: Βιβλίο
Έκδοση: Đà Nẵng Đại học Đà Nẵng 2012
Θέματα:
Ετικέτες: Προσθήκη ετικέτας
Δεν υπάρχουν, Καταχωρήστε ετικέτα πρώτοι!
Thư viện lưu trữ: Mạng thư viện Đại học Đà Nẵng
LEADER 01486nam a2200313 4500
001 000017796
003 14222
005 20130605110620.0
008 130605s2012 sd
082 |a 615.19  |b NG-T 
100 |a Nguyễn Thị Thùy Trang 
245 |a Nghiên cứu chiết tách và xác định thành phần hóa học của lá cây cỏ lào Bình Định  |c Nguyễn Thị Thùy Trang ; Đào Hùng Cường hướng dẫn.  |k Luận văn Thạc sĩ 
260 |a Đà Nẵng  |b Đại học Đà Nẵng  |c 2012 
300 |a 75 tr., phụ lục 8 tr.  |b Hình mh.  |c 29 cm. 
500 |a Luận văn thạc sĩ Khoa học. Chuyên ngành: Hóa hữu cơ. Mã số: 60.44.27. 
520 |a Tổng quan; Các nghiên cứu thực nghiệm; Kết quả và thảo luận... 
650 0 4 |a Lá cây cỏ Lào  |v Luận văn tốt nghiệp  |x Chiết tách  |x Thành phần hóa học  |z Bình Định 
653 |a Lá cây cỏ Lào  |a Hóa hữu cơ 
700 |a Đào Hùng Cường  |c GS.TS  |e Hướng dẫn 
OWN |a LSP 
AVA |a UDN50  |b LSP  |d 615.19 NG-T  |e available  |t Error 5001 Not defined in file expand_doc_bib_avail.  |f 1  |g 0  |h N  |i 0  |k 1 
999 |a From the UDN01 
AVA |a UDN50  |b LSP  |d 615.19 NG-T  |e available  |t Error 5001 Not defined in file expand_doc_bib_avail.  |f 1  |g 0  |h N  |i 0  |k 1 
TYP |a Monograph 
TYP |a Printed language 
980 |a Mạng thư viện Đại học Đà Nẵng